Statistics for Premier League Player of the Month - 2000s

Click here to take the quiz!

General Stats

  • This quiz has been taken 43 times
  • The average score is 55 of 92

Answer Stats

SeasonMonthClubPlayer% Correct
2005/06AprilLiverpoolSteven Gerrard
95%
2000/01MarchLiverpoolSteven Gerrard
95%
2004/05DecemberLiverpoolSteven Gerrard
95%
2002/03MarchLiverpoolSteven Gerrard
95%
2004/05AprilChelseaFrank Lampard
92%
2008/09OctoberChelseaFrank Lampard
92%
2003/04SeptemberChelseaFrank Lampard
92%
2005/06OctoberChelseaFrank Lampard
92%
2003/04AprilArsenalThierry Henry
92%
2002/03SeptemberArsenalThierry Henry
92%
2003/04JanuaryArsenalThierry Henry
92%
2007/08OctoberManchester UnitedWayne Rooney
92%
2005/06DecemberManchester UnitedWayne Rooney
92%
2009/10JanuaryManchester UnitedWayne Rooney
92%
2004/05FebruaryManchester UnitedWayne Rooney
92%
2005/06MarchManchester UnitedWayne Rooney
92%
2006/07AugustManchester UnitedRyan Giggs
89%
2006/07FebruaryManchester UnitedRyan Giggs
89%
2008/09MarchLiverpoolSteve Gerrard
89%
2002/03DecemberNewcastle UnitedAlan Shearer
86%
2003/04OctoberNewcastle UnitedAlan Shearer
86%
2004/05MarchChelseaJoe Cole
86%
2002/03JanuaryManchester UnitedPaul Scholes
86%
2006/07OctoberManchester UnitedPaul Scholes
86%
2003/04DecemberManchester UnitedPaul Scholes
86%
2007/08MarchManchester UnitedCristiano Ronaldo
84%
2007/08JanuaryManchester UnitedCristiano Ronaldo
84%
2006/07DecemberManchester UnitedCristiano Ronaldo
84%
2006/07NovemberManchester UnitedCristiano Ronaldo
84%
2001/02OctoberLeeds UnitedRio Ferdinand
81%
2006/07April (Shared)Tottenham HotspurRobbie Keane
81%
2000/01JanuaryLeeds UnitedRobbie Keane
81%
2005/06JanuaryWest Ham UnitedAnton Ferdinand
78%
2003/04February (Shared)ArsenalDennis Bergkamp
78%
2001/02MarchArsenalDennis Bergkamp
78%
2007/08FebruaryLiverpoolFernando Torres
78%
2009/10SeptemberLiverpoolFernando Torres
78%
2004/05JanuaryChelseaJohn Terry
78%
2006/07April (Shared)Tottenham HotspurDimitar Berbatov
76%
2002/03FebruaryArsenalRobert Pires
76%
2001/02FebruaryManchester UnitedRuud van Nistelrooy
73%
2001/02DecemberManchester UnitedRuud van Nistelrooy
73%
2002/03AprilManchester UnitedRuud van Nistelrooy
73%
2009/10AugustTottenham HotspurJermain Defoe
70%
2009/10OctoberArsenalRobin van Persie
70%
2005/06NovemberArsenalRobin van Persie
70%
2008/09JanuaryManchester UnitedNemanja Vidic
68%
2009/10DecemberManchester CityCarlos Tevez
62%
2006/07JanuaryArsenalCesc Fabregas
62%
2007/08SeptemberArsenalCesc Fabregas
62%
2008/09NovemberChelseaNicolas Anelka
62%
2006/07MarchChelseaPetr Cech
62%
2009/10AprilTottenham HotspurGareth Bale
59%
2000/01OctoberManchester UnitedTeddy Sheringham
59%
2003/04AugustPortsmouthTeddy Sheringham
59%
2000/01AugustLeeds UnitedAlan Smith
51%
2004/05NovemberChelseaArjen Robben
51%
2005/06AugustCharlton AthleticDarren Bent
49%
2001/02JanuaryIpswich TownMarcus Bent
49%
2002/03OctoberChelseaGianfranco Zola
46%
2001/02AprilArsenalFreddie Ljungberg
43%
2004/05AugustArsenalJose Antonio Reyes
41%
2008/09DecemberAston VillaAshley Young
38%
2008/09SeptemberAston VillaAshley Young
38%
2007/08AprilAston VillaAshley Young
38%
2009/10MarchChelseaFlorent Malouda
38%
2001/02SeptemberManchester UnitedJuan Sebastian Veron
35%
2006/07SeptemberEvertonAndrew Johnson
32%
2004/05OctoberCrystal PalaceAndrew Johnson
32%
2007/08NovemberAston VillaGabriel Agbonlahor
32%
2005/06FebruaryBolton WanderersKevin Nolan
32%
2001/02AugustFulhamLouis Saha
32%
2002/03AugustArsenalSylvain Wiltord
32%
2008/09AprilArsenalAndrey Arshavin
30%
2003/04NovemberBolton WanderersJay-Jay Okocha
30%
2003/04February (Shared)ArsenalEdu
24%
2004/05SeptemberTottenham HotspurLedley King
24%
2000/01NovemberLeeds UnitedPaul Robinson
22%
2008/09AugustChelseaDeco
19%
2000/01AprilLiverpoolGary McAllister
19%
2000/01DecemberSouthamptonJames Beattie
16%
2002/03NovemberSouthamptonJames Beattie
16%
2007/08DecemberBlackburn RoversRoque Santa Cruz
16%
2001/02NovemberLiverpoolDanny Murphy
14%
2005/06SeptemberCharlton AthleticDanny Murphy
14%
2008/09FebruaryEvertonPhil Jagielka
11%
2009/10NovemberHull CityJimmy Bullard
8%
2003/04MarchBirmingham CityMikael Forssell
8%
2000/01FebruaryWest Ham UnitedStuart Pearce
8%
2009/10FebruaryFulhamMark Schwarzer
5%
2007/08AugustManchester CityMicah Richards
5%
2000/01SeptemberLeicester CityTim Flowers
0%

Score Distribution

Percentile by Number Answered

Percent of People with Each Score

Your Score History

You have not taken this quiz